| Tag |
First Indicator |
Second Indicator |
Subfields |
| LEADER |
00000cam a2200000 a 4500 |
| 001 |
in00000971813 |
| 005 |
20150927151333.0 |
| 008 |
900625s1991 flua b 00110 eng |
| 010 |
|
|
|a 90042435
|
| 020 |
|
|
|a 0849358663
|
| 035 |
|
|
|a (OCoLC)22119201
|
| 035 |
|
|
|9 AEX3262AM
|
| 040 |
|
|
|a DLC
|c DLC
|d TXA
|d UtOrBLW
|
| 049 |
|
|
|a TXAM
|
| 050 |
0 |
0 |
|a TP248.65.S56
|b H35 1990
|
| 082 |
0 |
0 |
|a 664
|2 20
|
| 090 |
|
|
|a TP248.65.S56
|b H35 1991
|
| 100 |
1 |
|
|a Halász, Anna.
|
| 245 |
1 |
0 |
|a Use of yeast biomass in food production /
|c authors, Anna Halász and Radomir Lásztity.
|
| 264 |
|
1 |
|a Boca Raton :
|b CRC Press,
|c [1991]
|
| 264 |
|
4 |
|c ©1991
|
| 300 |
|
|
|a 312 pages :
|b illustrations ;
|c 27 cm.
|
| 336 |
|
|
|a text
|b txt
|2 rdacontent
|
| 337 |
|
|
|a unmediated
|b n
|2 rdamedia
|
| 338 |
|
|
|a volume
|b nc
|2 rdacarrier
|
| 504 |
|
|
|a Includes bibliographical references and index.
|
| 650 |
|
0 |
|a Single cell proteins
|x Biotechnology.
|
| 650 |
|
0 |
|a Yeast fungi
|x Physiology.
|
| 650 |
|
0 |
|a Food
|x Biotechnology.
|
| 700 |
1 |
|
|a Lásztity, Radomír.
|
| 999 |
|
|
|a MARS
|
| 999 |
f |
f |
|s 77363599-4f41-3cbb-a1e8-03288601754c
|i f66b088f-beb9-3691-b6e3-87cf977b5202
|t 0
|
| 952 |
f |
f |
|p normal
|a Texas A&M University
|b College Station
|c Sterling C. Evans Library
|d Evans: Library Stacks
|t 0
|e TP248.65.S56 H35 1991
|h Library of Congress classification
|i unmediated -- volume
|m A14813764864
|
| 998 |
f |
f |
|a TP248.65.S56 H35 1991
|t 0
|l Evans: Library Stacks
|